00433nam a2200157Ia 4500008004100000041001200041082001100053100002500064100001100089245007400100260001700174260003500191260000900226365002500235650001500260150901s9999 xx 000 0 und d aEnglish bGOP/TH aGopalakrishnan T R  eEditor aThree decades of vegetable research in Kerala Agricultural University aVellanikkara bKerala Agricultural University c2004 a70/-  aVegetables